| Tag |
First Indicator |
Second Indicator |
Subfields |
| LEADER |
00000pam a2200000 a 4500 |
| 001 |
in00001409930 |
| 005 |
20151020070423.0 |
| 008 |
950411s1996 caua j b 000 0 eng |
| 010 |
|
|
|a 95010862
|
| 020 |
|
|
|a 0152000429
|
| 035 |
|
|
|a (OCoLC)32469196
|
| 035 |
|
|
|9 AHP8867AM
|
| 040 |
|
|
|a DLC
|c DLC
|d UtOrBLW
|
| 043 |
|
|
|a n------
|
| 049 |
|
|
|a TXAG
|
| 050 |
0 |
0 |
|a E98.F6
|b B8917 1996
|
| 082 |
0 |
0 |
|a [398.2/08997]
|2 20
|
| 100 |
1 |
|
|a Bruchac, Joseph,
|d 1942-
|
| 245 |
1 |
0 |
|a Between earth & sky :
|b legends of Native American sacred places /
|c written by Joseph Bruchac ; illustrated by Thomas Locker.
|
| 246 |
3 |
|
|a Between earth and sky
|
| 250 |
|
|
|a 1st ed.
|
| 264 |
|
1 |
|a San Diego, Calif. :
|b Harcourt Brace & Co.,
|c [1996]
|
| 264 |
|
4 |
|c ©1996
|
| 300 |
|
|
|a 1 volume (unpaged) :
|b color illustrations ;
|c 23 x 29 cm.
|
| 336 |
|
|
|a text
|b txt
|2 rdacontent
|
| 337 |
|
|
|a unmediated
|b n
|2 rdamedia
|
| 338 |
|
|
|a volume
|b nc
|2 rdacarrier
|
| 504 |
|
|
|a Includes bibliographical references.
|
| 520 |
|
|
|a Through the guidance of his uncle and the retelling of various Native American legends, a young boy learns that everything living and inanimate has its place, should be considered sacred, and given respect.
|
| 650 |
|
0 |
|a Indians of North America
|v Folklore.
|
| 650 |
|
0 |
|a Folklore
|z North America
|x Juvenile literature.
|
| 650 |
|
1 |
|a Indians of North America
|x Folklore.
|
| 651 |
|
1 |
|a Folklore
|x North America.
|
| 700 |
1 |
|
|a Locker, Thomas,
|d 1937-2012,
|e illustrator.
|
| 948 |
|
|
|a c:en
|
| 999 |
|
|
|a MARS
|
| 999 |
f |
f |
|s 4c6adee9-0368-3256-a051-31af0813a9fa
|i 65d7ef87-efd1-3e3b-bbfa-48cb0114fb2b
|t 0
|
| 952 |
f |
f |
|p normal
|a Texas A&M University
|b College Station
|c Sterling C. Evans Library
|d Evans: Curriculum Collection (4th floor)
|t 0
|e E98.F6 B8917 1996
|h Library of Congress classification
|i unmediated -- volume
|m A14822370169
|
| 998 |
f |
f |
|a E98.F6 B8917 1996
|t 0
|l Evans: Curriculum Collection (4th floor)
|